|
|
|
|
| LEADER |
01070cam a2200301 a 4500 |
| 001 |
c000375116 |
| 003 |
CARM |
| 005 |
20000228000000.0 |
| 008 |
860613s1960 enk 000 1 eng |
| 010 |
|
|
|a 86113320
|
| 019 |
1 |
|
|a 3918186
|5 LACONCORD2021
|
| 035 |
|
|
|a (OCoLC)12193880
|5 LACONCORD2021
|
| 040 |
|
|
|a DLC
|b eng
|c DLC
|d DLC
|d LC
|
| 050 |
0 |
0 |
|a PS3563.A4
|b M3 1960
|
| 082 |
0 |
0 |
|a 813/.54
|2 19
|
| 082 |
0 |
4 |
|a 813/.54
|2 20
|
| 100 |
1 |
|
|a Malamud, Bernard.
|
| 245 |
1 |
4 |
|a The magic barrel /
|c Bernard Malamud.
|
| 260 |
|
|
|a London :
|b Eyre & Spottiswoode,
|c 1960.
|
| 300 |
|
|
|a 214 p. ;
|c 21 cm.
|
| 500 |
|
|
|a Thirteen short stories.
|
| 650 |
|
0 |
|a Americans
|x Travel
|z Italy
|v Fiction.
|
| 650 |
|
0 |
|a Painters
|v Fiction.
|
| 651 |
|
0 |
|a New York (N.Y.)
|x Social life and customs
|v Fiction.
|
| 651 |
|
0 |
|a Italy
|x Social life and customs
|v Fiction.
|
| 852 |
8 |
|
|b CARM
|h A1:AM17B0
|i B09491
|p 0431592
|f BK
|
| 999 |
f |
f |
|i 1df8c28d-71c7-5e84-9f3c-8ff21f46b775
|s c40df38b-b1e6-55f4-8bcf-f16fd59f82ab
|
| 952 |
f |
f |
|p Can circulate
|a CAVAL
|b CAVAL
|c CAVAL
|d CARM 1 Store
|e B09491
|f A1:AM17B0
|h Other scheme
|i book
|m 0431592
|